Zelda-Spiele anhand von Bildern erkennen - Statistiken

Allgemein
  • Dieses Quiz wurde 433 mal gespielt
  • Das Durchschnittsergebnis liegt bei 6 aus 8
Antwortstatistiken
Bildquiz Antwort % Korrekt
Breath of the Wild
98%
Tears of the Kingdom
91%
Skyward Sword
90%
Wind Waker
90%
Links Awakening
79%
A Link to the Past
70%
Minish Cap
65%
A Link between Worlds
63%
Keine übereinstimmenden Quizze gefunden
Verteilung der Resultate
Anzahl Personen mit jedem Resultat
Perzentil nach korrekt beantworteten Fragen
Ihre Resultats-Entwicklung
Sie haben dieses Quiz noch nicht gespielt